النشرة السنوية لإحصاءات التوظف والأجور وساعات العمل عام 2020./
يعتبر العنصر البشري من أهم عناصر الإنتاج والركيزة الأساسية للإرتقاء بمستوي المعيشة وتنمية الموارد البشرية التي تعتمد عليها الدول في التخطيط الإستراتيجي لتحقيق التنيمة المستدامة من هنا تاتي أهمية توفير بيانات تفصيلية عن هذا العنصر الحيوي...
Saved in:
| 主要作者: | |
|---|---|
| 企业作者: | |
| 格式: | 图书 |
| 语言: | 阿拉伯语 |
| 出版: |
القاهرة :
الجهاز المركزى للتعبئة العامة والإحصاء.
2021
|
| 主题: | |
| 标签: |
添加标签
没有标签, 成为第一个标记此记录!
|
MARC
| LEADER | 00000nam a22000007a 4500 | ||
|---|---|---|---|
| 003 | INP | ||
| 005 | 20211117085514.0 | ||
| 008 | 180304b2021uuuuua j|||f |||| 00| 0 ara d | ||
| 952 | |0 0 |1 0 |4 0 |6 331_100000000000000_ن_ش_2020 |7 0 |9 21277 |a INP |b INP |c MAIN |d 2021-11-14 |l 0 |o 331.1 ن ش 2020 |p 022295 |r 2022-03-28 00:00:00 |w 2021-11-14 |y PUB |0 0 | ||
| 999 | |c 17235 |d 17235 | ||
| 017 | |a 2017/18897 | ||
| 040 | |a EG-INP |b ara |c EG-INP | ||
| 082 | 0 | 4 | |2 21 |a 331.1 |b ن ش 2020 |
| 100 | |a الجهاز المركزى للتعبئة العامة والإحصاء. | ||
| 245 | 0 | 2 | |a النشرة السنوية لإحصاءات التوظف والأجور وساعات العمل عام 2020./ |c الجهاز المركزى للتعبئة العامة والإحصاء. |
| 246 | |a Employment,wages&working hours statistics 2020 | ||
| 260 | |a القاهرة : |b الجهاز المركزى للتعبئة العامة والإحصاء. |c 2021 | ||
| 300 | |a 137 ص : |c 29 سم. |b ورقى | ||
| 310 | |a سنوى. | ||
| 500 | |a مرجع رقم 71-12213-2020 | ||
| 500 | |a يبنى الوصف على عام 2020 | ||
| 500 | |a إصدار أغسطس 2021 | ||
| 520 | |a يعتبر العنصر البشري من أهم عناصر الإنتاج والركيزة الأساسية للإرتقاء بمستوي المعيشة وتنمية الموارد البشرية التي تعتمد عليها الدول في التخطيط الإستراتيجي لتحقيق التنيمة المستدامة من هنا تاتي أهمية توفير بيانات تفصيلية عن هذا العنصر الحيوي | ||
| 650 | 7 | |2 qrmak |a القوي العاملة | |
| 650 | 7 | |2 qrmak |a التوظيف | |
| 650 | 7 | |2 qrmak |a النقابات | |
| 650 | 7 | |2 qrmak |a ساعات العمل | |
| 650 | 7 | |2 qrmak |a الأجور |v احصائيات | |
| 710 | 2 | |a مصر. |e الجهاز المركزى للتعبئة العامة والإحصاء. | |
| 901 | |a egpv33 | ||
| 902 | |a egpv34 | ||
| 903 | |a original | ||
| 942 | |2 ddc |c PUB | ||